000 00433nam a2200181Ia 4500
001 19697
005 20260306172712.0
008 260306t2000||||xx |||||||||||||| ||spa||
041 _aESP
082 _a341
_bD92
100 _aDorantes Tamayo Luis Alfonso
_eAUT
245 0 _aFilosofía del derecho
260 _c2000
300 _axviii, 309 páginas :
_c23 cm.
650 _aGEN
654 _aCDE
942 _cLIB
_dJUS
_fJUS
_2ddc
_n
999 _c19697
_d19697